[Event "SC Kreuzberg IM-Turnier 2018"]
[Site "Berlin"]
[Date "2018.08.13"]
[Round "8.4"]
[White "Berger, Steve"]
[Black "Sandu, Mihaela"]
[Result "1-0"]
[WhiteElo "2428"]
[BlackElo "2268"]
[PlyCount "83"]
[EventDate "2018.08.06"]
[EventType "tourn"]
[EventRounds "9"]
[EventCountry "GER"]
[SourceTitle "SC Kreuzberg IM 2018"]
[Source "Andreas Lange"]
[SourceDate "2018.08.16"]
[SourceVersion "1"]
[SourceVersionDate "2018.08.16"]
[SourceQuality "1"]

1. e4 c5 2. Nc3 e6 3. Nge2 Nc6 4. g3 Nf6 5. Bg2 d6 6. d4 cxd4 7. Nxd4 Be7 8.
Nxc6 bxc6 9. e5 Nd5 10. exd6 Qxd6 11. Ne4 Qc7 12. c4 Nf6 13. O-O Nxe4 14. Bxe4
O-O 15. Re1 e5 16. Qa4 Bd7 17. Bd2 Bc5 18. Bb4 Bxb4 19. Qxb4 f5 20. Bg2 e4 21.
Rad1 Be6 22. b3 Rad8 23. f3 f4 24. Rxd8 Qxd8 25. Rxe4 Bf5 26. Re2 Bd3 27. Re7
Qd4+ 28. Kh1 Qa1+ 29. Qe1 Qxa2 30. h4 fxg3 31. Qxg3 Qa1+ 32. Kh2 Qf6 33. Rxa7
h6 34. Rd7 Bc2 35. Rd6 Qe7 36. Rxh6 Bxb3 37. Rxc6 Bd1 38. Rc7 Qf6 39. f4 Kh8
40. c5 Rd8 41. Qg5 Qd4 42. Rxg7 1-0

[Event "SC Kreuzberg IM-Turnier 2018"]
[Site "Berlin"]
[Date "2018.08.13"]
[Round "8.5"]
[White "Barath, Madhan"]
[Black "Malek, Daniel"]
[Result "0-1"]
[WhiteElo "2307"]
[BlackElo "2383"]
[PlyCount "164"]
[EventDate "2018.08.06"]
[EventType "tourn"]
[EventRounds "9"]
[EventCountry "GER"]
[SourceTitle "SC Kreuzberg IM 2018"]
[Source "Andreas Lange"]
[SourceDate "2018.08.16"]
[SourceVersion "1"]
[SourceVersionDate "2018.08.16"]
[SourceQuality "1"]

1. d4 Nf6 2. c4 e6 3. Nc3 Bb4 4. f3 c5 5. a3 Bxc3+ 6. bxc3 Nc6 7. e4 d6 8. Be3
b6 9. Bd3 e5 10. d5 Ne7 11. Ne2 Ng6 12. Qd2 h6 13. g3 Bh3 14. Ng1 Bd7 15. h4 h5
16. Nh3 Qe7 17. a4 a5 18. Bg5 Kd8 19. Nf2 Kc7 20. f4 Nf8 21. O-O N8h7 22. fxe5
dxe5 23. Be3 Ne8 24. Rfb1 Ra6 25. Nd1 Nd6 26. Qf2 Nb7 27. Bd2 g5 28. Ne3 gxh4
29. d6+ Qxd6 30. Nd5+ Kb8 31. gxh4 Rg8+ 32. Kh1 Qe6 33. Bf1 Rg6 34. Rb2 Nf6 35.
Qf3 Ka7 36. Rab1 Nxd5 37. cxd5 Qe7 38. Bg5 f6 39. Qxh5 Qg7 40. Bxa6 fxg5 41.
Bxb7 Rh6 42. Qf3 Kxb7 43. h5 g4 44. Qe3 Ka6 45. Kg1 Rf6 46. Qd3+ Ka7 47. d6 Rf3
48. Qe2 Qf6 49. Qe1 Qf4 50. h6 Rg3+ 51. Rg2 Rxg2+ 52. Kxg2 Qxh6 53. Rd1 Qh3+
54. Kg1 Qf3 55. Qd2 Qxe4 56. Qd5 Qe3+ 57. Kg2 Qh3+ 58. Kg1 Qg3+ 59. Qg2 Qxc3
60. Qd5 Qc2 61. Rf1 g3 62. Rf8 Qh2+ 63. Kf1 g2+ 64. Qxg2 Qxg2+ 65. Kxg2 Kb7 66.
Rf1 Bxa4 67. Rf7+ Kc6 68. d7 Kc7 69. d8=Q+ Kxd8 70. Kf3 Bc6+ 71. Ke3 a4 72. Kd3
b5 73. Ra7 Kc8 74. Kc3 Kb8 75. Re7 e4 76. Re5 c4 77. Kb4 Kc7 78. Rg5 Kd6 79.
Rh5 e3 80. Rh3 e2 81. Re3 Bf3 82. Kxb5 c3 0-1

[Event "SC Kreuzberg IM-Turnier 2018"]
[Site "Berlin"]
[Date "2018.08.14"]
[Round "9.1"]
[White "Malek, Daniel"]
[Black "Brunello, Marina"]
[Result "1-0"]
[WhiteElo "2383"]
[BlackElo "2280"]
[PlyCount "71"]
[EventDate "2018.08.06"]
[EventType "tourn"]
[EventRounds "9"]
[EventCountry "GER"]
[SourceTitle "SC Kreuzberg IM 2018"]
[Source "Andreas Lange"]
[SourceDate "2018.08.16"]
[SourceVersion "1"]
[SourceVersionDate "2018.08.16"]
[SourceQuality "1"]

1. c4 e5 2. g3 Nf6 3. Bg2 c6 4. Nf3 e4 5. Nd4 d5 6. d3 Bc5 7. Nb3 Bb6 8. cxd5
cxd5 9. O-O Bf5 10. Nc3 Nbd7 11. Nxd5 exd3 12. exd3 Nxd5 13. Bxd5 O-O 14. Bxb7
Ne5 15. d4 Bg4 16. f3 Rb8 17. fxg4 Rxb7 18. Be3 Nc4 19. Qe2 Qd5 20. Bf2 f5 21.
Rac1 Nd6 22. Qe5 Qxe5 23. dxe5 Bxf2+ 24. Rxf2 Ne4 25. Rxf5 h6 26. Kg2 Rd8 27.
h4 a5 28. Re1 a4 29. Rxe4 axb3 30. a3 Rc7 31. Rf2 Rc2 32. Rxc2 bxc2 33. Rc4
Rd2+ 34. Kf3 c1=Q 35. Rxc1 Rxb2 36. Ra1 1-0

[Event "SC Kreuzberg IM-Turnier 2018"]
[Site "Berlin"]
[Date "2018.08.14"]
[Round "9.2"]
[White "Sandu, Mihaela"]
[Black "Barath, Madhan"]
[Result "1-0"]
[WhiteElo "2268"]
[BlackElo "2307"]
[PlyCount "85"]
[EventDate "2018.08.06"]
[EventType "tourn"]
[EventRounds "9"]
[EventCountry "GER"]
[SourceTitle "SC Kreuzberg IM 2018"]
[Source "Andreas Lange"]
[SourceDate "2018.08.16"]
[SourceVersion "1"]
[SourceVersionDate "2018.08.16"]
[SourceQuality "1"]

1. e4 c5 2. Nf3 d6 3. d4 cxd4 4. Nxd4 Nf6 5. Nc3 a6 6. Be2 e5 7. Nb3 Be7 8. O-O
O-O 9. Be3 Be6 10. Qd2 Nbd7 11. a4 Nb6 12. a5 Nc4 13. Bxc4 Bxc4 14. Rfd1 Rc8
15. f3 Rc6 16. Kh1 Nh5 17. Nc1 Qc8 18. Na4 f5 19. Nb6 Rxb6 20. axb6 fxe4 21.
fxe4 Bh4 22. Nd3 Qg4 23. Rf1 Nf6 24. Rf3 Qxe4 25. Bg5 Bxg5 26. Qxg5 Bd5 27.
Raf1 h6 28. Qg3 Kh7 29. Qf2 Ng4 30. Qg3 Rxf3 31. Qxf3 Qxf3 32. gxf3 Ne3 33. Rf2
Ng4 34. Rf1 Ne3 35. Rf2 Ng4 36. Rd2 Bxf3+ 37. Kg1 Nf6 38. Ne1 Bc6 39. Rxd6 Nd7
40. Nd3 a5 41. Rxd7 Bxd7 42. Nxe5 Be6 43. c4 1-0

[Event "SC Kreuzberg IM-Turnier 2018"]
[Site "Berlin"]
[Date "2018.08.14"]
[Round "9.5"]
[White "Kalinitschew, Sergey"]
[Black "Glantz, Robert"]
[Result "1/2-1/2"]
[WhiteElo "2430"]
[BlackElo "2336"]
[PlyCount "108"]
[EventDate "2018.08.06"]
[EventType "tourn"]
[EventRounds "9"]
[EventCountry "GER"]
[SourceTitle "SC Kreuzberg IM 2018"]
[Source "Andreas Lange"]
[SourceDate "2018.08.16"]
[SourceVersion "1"]
[SourceVersionDate "2018.08.16"]
[SourceQuality "1"]

1. d4 Nf6 2. g3 e6 3. Bg2 d5 4. c4 Be7 5. Nf3 O-O 6. O-O c6 7. Nbd2 Nbd7 8. b3
b6 9. Bb2 Bb7 10. Rc1 Rc8 11. e3 dxc4 12. Nxc4 c5 13. Qe2 b5 14. Nce5 Qb6 15.
Rfd1 Rfd8 16. dxc5 Bxc5 17. Nxd7 Rxd7 18. Rxd7 Nxd7 19. Ng5 h6 20. Qd3 Nf8 21.
Ne4 Bxe4 22. Qxe4 Rc7 23. h4 Nd7 24. b4 Bd6 25. Rc6 Rxc6 26. Qxc6 Qxc6 27. Bxc6
Nb6 28. a3 Nc4 29. Bc1 a6 30. Kf1 Kf8 31. Ke2 Ke7 32. Bb7 a5 33. bxa5 Nxa5 34.
Ba6 b4 35. Bd2 Nc6 36. Bb5 Na7 37. a4 Nxb5 38. axb5 b3 39. Kd3 Ba3 40. Ba5 Kd6
41. Kc3 b2 42. Kc2 Kc5 43. b6 Kc6 44. h5 Bc5 45. Bc3 f6 46. Bxb2 Bxb6 47. Ba3
Bc5 48. Bxc5 Kxc5 49. Kd3 Kd5 50. e4+ Kc5 51. Kc3 e5 52. f4 Kb5 53. Kb3 Kc5 54.
Kc3 Kb5 1/2-1/2